[Event "ZH-2023-0-02260"]
[Site "LSS email"]
[Date "2023.04.29"]
[Round "?"]
[White "Ozen, Bahadir"]
[Black "Szulc, Stanislaw"]
[Result "1/2-1/2"]
[WhiteElo "2254"]
[BlackElo "2246"]
[PlyCount "33"]
[EventDate "2023.04.29"]
[EventType "match (corr)"]
[EventRounds "2"]
[EventCountry "GER"]
[SourceTitle "Corr 2024"]
[Source "ChessBase"]
[SourceDate "2023.10.19"]
[SourceVersion "1"]
[SourceVersionDate "2023.10.19"]
[SourceQuality "1"]

1. d4 d5 2. Nf3 Nf6 3. Bf4 c5 4. e3 Nc6 5. Nbd2 cxd4 6. exd4 a6 7. c3 Bf5 8. Nh4 Bg4 9. Qb3 Na5 10. Qc2 e6 11. h3 Bh5 12. Bd3 Rc8 13. Ndf3 Nc4 14. 0-0 Bd6 15. Bxd6 Nxd6 16. Rae1 Nfe4 17. g4 1/2-1/2

[Event "ZH-2023-0-02228"]
[Site "LSS email"]
[Date "2023.04.01"]
[Round "?"]
[White "Ozen, Bahadir"]
[Black "Szulc, Stanislaw"]
[Result "1/2-1/2"]
[WhiteElo "2251"]
[BlackElo "2224"]
[PlyCount "33"]
[EventDate "2023.04.01"]
[EventType "match (corr)"]
[EventRounds "2"]
[EventCountry "GER"]
[SourceTitle "Corr 2024"]
[Source "ChessBase"]
[SourceDate "2023.10.19"]
[SourceVersion "1"]
[SourceVersionDate "2023.10.19"]
[SourceQuality "1"]

1. d4 d5 2. c4 dxc4 3. Nf3 Nf6 4. e3 e6 5. Bxc4 c5 6. 0-0 Nc6 7. Nc3 a6 8. dxc5 Qxd1 9. Rxd1 Bxc5 10. Bd2 0-0 11. Rac1 Bd7 12. Be1 Rfd8 13. Na4 Ba7 14. Be2 Nd4 15. Nxd4 Bxa4 16. b3 Be8 17. Bc3 1/2-1/2

[Event "ZH-2023-0-02224"]
[Site "LSS email"]
[Date "2023.03.30"]
[Round "?"]
[White "Ozen, Bahadir"]
[Black "Szulc, Stanislaw"]
[Result "1/2-1/2"]
[WhiteElo "2253"]
[BlackElo "2224"]
[PlyCount "29"]
[EventDate "2023.03.30"]
[EventType "match (corr)"]
[EventRounds "2"]
[EventCountry "GER"]
[SourceTitle "Corr 2024"]
[Source "ChessBase"]
[SourceDate "2023.10.19"]
[SourceVersion "1"]
[SourceVersionDate "2023.10.19"]
[SourceQuality "1"]

1. e4 e5 2. Nf3 Nc6 3. Bc4 Nf6 4. d3 Bc5 5. c3 d6 6. 0-0 a6 7. a4 Ba7 8. b4 0-0 9. h3 Ne7 10. Nbd2 c6 11. Re1 d5 12. Bb3 Ng6 13. a5 h6 14. Bc2 dxe4 15. Nxe4 1/2-1/2

[Event "ZH-2023-0-02224"]
[Site "LSS email"]
[Date "2023.03.30"]
[Round "?"]
[White "Szulc, Stanislaw"]
[Black "Ozen, Bahadir"]
[Result "1/2-1/2"]
[WhiteElo "2224"]
[BlackElo "2253"]
[PlyCount "37"]
[EventDate "2023.03.30"]
[EventType "match (corr)"]
[EventRounds "2"]
[EventCountry "GER"]
[SourceTitle "Corr 2024"]
[Source "ChessBase"]
[SourceDate "2023.10.19"]
[SourceVersion "1"]
[SourceVersionDate "2023.10.19"]
[SourceQuality "1"]

1. e4 c5 2. Nf3 Nc6 3. d4 cxd4 4. Nxd4 Nf6 5. Nc3 e5 6. Ndb5 d6 7. Bg5 a6 8. Na3 b5 9. Bxf6 gxf6 10. Nd5 f5 11. Bd3 Be6 12. 0-0 Bxd5 13. exd5 Ne7 14. c3 Bg7 15. Qh5 e4 16. Bc2 0-0 17. Rae1 Qc8 18. Bb1 Qc5 19. Nc2 1/2-1/2

[Event "ZH-2023-0-02222"]
[Site "LSS email"]
[Date "2023.03.29"]
[Round "?"]
[White "Szulc, Stanislaw"]
[Black "Ozen, Bahadir"]
[Result "1/2-1/2"]
[WhiteElo "2224"]
[BlackElo "2261"]
[PlyCount "31"]
[EventDate "2023.03.29"]
[EventType "match (corr)"]
[EventRounds "2"]
[EventCountry "GER"]
[SourceTitle "Corr 2024"]
[Source "ChessBase"]
[SourceDate "2023.10.19"]
[SourceVersion "1"]
[SourceVersionDate "2023.10.19"]
[SourceQuality "1"]

1. e4 e5 2. Nf3 Nc6 3. Nc3 Nf6 4. d4 exd4 5. Nxd4 Bb4 6. Nxc6 bxc6 7. Bd3 d5 8. Bd2 0-0 9. 0-0 Bxc3 10. Bxc3 dxe4 11. Bxf6 Qxf6 12. Bxe4 Qxb2 13. Bxc6 Rb8 14. Rb1 Qxb1 15. Qxb1 Rxb1 16. Rxb1 1/2-1/2

[Event "ZH-2023-0-02221"]
[Site "LSS email"]
[Date "2023.03.28"]
[Round "?"]
[White "Szulc, Stanislaw"]
[Black "Ozen, Bahadir"]
[Result "1/2-1/2"]
[WhiteElo "2219"]
[BlackElo "2267"]
[PlyCount "33"]
[EventDate "2023.03.28"]
[EventType "match (corr)"]
[EventRounds "2"]
[EventCountry "GER"]
[SourceTitle "Corr 2024"]
[Source "ChessBase"]
[SourceDate "2023.10.19"]
[SourceVersion "1"]
[SourceVersionDate "2023.10.19"]
[SourceQuality "1"]

1. e4 c5 2. c3 Nf6 3. e5 Nd5 4. Nf3 Nc6 5. Bc4 Nb6 6. Bb3 d5 7. exd6 Qxd6 8. 0-0 Be6 9. Bxe6 Qxe6 10. a4 Qd7 11. a5 Nd5 12. d4 cxd4 13. Nxd4 e6 14. a6 b6 15. Nxc6 Qxc6 16. Qg4 Nf6 17. Qe2 1/2-1/2

[Event "RM-2023-0-00281"]
[Site "LSS email"]
[Date "2023.03.28"]
[Round "?"]
[White "Szulc, Stanislaw"]
[Black "Sorcinelli, Andrea"]
[Result "1/2-1/2"]
[WhiteElo "2224"]
[BlackElo "2275"]
[PlyCount "42"]
[EventDate "2023.01.28"]
[EventType "tourn (corr)"]
[EventRounds "6"]
[EventCountry "GER"]
[SourceTitle "Corr 2024"]
[Source "ChessBase"]
[SourceDate "2023.10.19"]
[SourceVersion "1"]
[SourceVersionDate "2023.10.19"]
[SourceQuality "1"]

1. e4 e5 2. Nf3 Nf6 3. Nxe5 d6 4. Nf3 Nxe4 5. d4 d5 6. Bd3 Bd6 7. 0-0 0-0 8. c4 c6 9. Re1 Bf5 10. Qb3 Qd7 11. Nc3 Nxc3 12. Bxf5 Qxf5 13. bxc3 b6 14. cxd5 cxd5 15. Qb5 Qd7 16. Rb1 Rd8 17. a4 Qxb5 18. Rxb5 Na6 19. Rb2 Re8 20. Be3 Rac8 21. Rb3 Nb8 1/2-1/2

[Event "RM-2023-0-00281"]
[Site "LSS email"]
[Date "2023.03.27"]
[Round "?"]
[White "Ozen, Bahadir"]
[Black "Szulc, Stanislaw"]
[Result "1/2-1/2"]
[WhiteElo "2261"]
[BlackElo "2224"]
[PlyCount "39"]
[EventDate "2023.01.28"]
[EventType "tourn (corr)"]
[EventRounds "6"]
[EventCountry "GER"]
[SourceTitle "Corr 2024"]
[Source "ChessBase"]
[SourceDate "2023.10.19"]
[SourceVersion "1"]
[SourceVersionDate "2023.10.19"]
[SourceQuality "1"]

1. d4 d5 2. Nf3 Nf6 3. c4 dxc4 4. e3 e6 5. Bxc4 c5 6. 0-0 Nc6 7. Nc3 a6 8. d5 Na5 9. b3 b5 10. Bd3 b4 11. Ne4 exd5 12. Nxf6+ Qxf6 13. Rb1 Nc6 14. e4 Bg4 15. exd5 Bxf3 16. Re1+ Be7 17. Qxf3 Qxf3 18. gxf3 Nd4 19. Kg2 Kd7 20. Be3 1/2-1/2

[Event "ZH-2023-0-02219"]
[Site "LSS email"]
[Date "2023.03.27"]
[Round "?"]
[White "Ozen, Bahadir"]
[Black "Szulc, Stanislaw"]
[Result "1/2-1/2"]
[WhiteElo "2258"]
[BlackElo "2213"]
[PlyCount "41"]
[EventDate "2023.03.27"]
[EventType "match (corr)"]
[EventRounds "2"]
[EventCountry "GER"]
[SourceTitle "Corr 2024"]
[Source "ChessBase"]
[SourceDate "2023.10.19"]
[SourceVersion "1"]
[SourceVersionDate "2023.10.19"]
[SourceQuality "1"]

1. e4 e5 2. Nf3 Nc6 3. Bb5 a6 4. Ba4 Nf6 5. 0-0 Nxe4 6. d4 b5 7. Bb3 d5 8. dxe5 Be6 9. Nbd2 Nc5 10. c3 Be7 11. Bc2 d4 12. Ne4 d3 13. Nxc5 dxc2 14. Qxd8+ Rxd8 15. Nxe6 fxe6 16. Be3 Rd5 17. Rac1 Nxe5 18. Nxe5 Rxe5 19. Rxc2 Kf7 20. c4 b4 21. Rd1 1/2-1/2

[Event "ZH-2023-0-02215"]
[Site "LSS email"]
[Date "2023.03.25"]
[Round "?"]
[White "Ozen, Bahadir"]
[Black "Szulc, Stanislaw"]
[Result "1/2-1/2"]
[WhiteElo "2254"]
[BlackElo "2217"]
[PlyCount "41"]
[EventDate "2023.03.25"]
[EventType "match (corr)"]
[EventRounds "2"]
[EventCountry "GER"]
[SourceTitle "Corr 2024"]
[Source "ChessBase"]
[SourceDate "2023.10.19"]
[SourceVersion "1"]
[SourceVersionDate "2023.10.19"]
[SourceQuality "1"]

1. e4 e5 2. Nf3 Nc6 3. Bb5 a6 4. Ba4 Nf6 5. 0-0 Nxe4 6. d4 b5 7. Bb3 d5 8. dxe5 Be6 9. Nbd2 Be7 10. c3 Nc5 11. Bc2 d4 12. Ne4 d3 13. Nxc5 dxc2 14. Qxd8+ Rxd8 15. Nxe6 fxe6 16. Be3 Rd5 17. Rfc1 Nxe5 18. Nxe5 Rxe5 19. Rxc2 Kf7 20. g3 Rd8 21. a4 1/2-1/2

[Event "ZH-2023-0-02213"]
[Site "LSS email"]
[Date "2023.03.23"]
[Round "?"]
[White "Szulc, Stanislaw"]
[Black "Ozen, Bahadir"]
[Result "1/2-1/2"]
[WhiteElo "2217"]
[BlackElo "2257"]
[PlyCount "36"]
[EventDate "2023.03.23"]
[EventType "match (corr)"]
[EventRounds "2"]
[EventCountry "GER"]
[SourceTitle "Corr 2024"]
[Source "ChessBase"]
[SourceDate "2023.10.19"]
[SourceVersion "1"]
[SourceVersionDate "2023.10.19"]
[SourceQuality "1"]

1. e4 c5 2. Nf3 d6 3. d4 cxd4 4. Nxd4 Nf6 5. Nc3 a6 6. Be3 e5 7. Nf3 Be7 8. Nd2 b5 9. a4 b4 10. Nd5 Nxd5 11. exd5 0-0 12. a5 Nd7 13. Nc4 f5 14. Be2 f4 15. Bb6 Qe8 16. 0-0 e4 17. Kh1 Qg6 18. Bd4 Bf6 1/2-1/2

[Event "ZH-2023-0-02209"]
[Site "LSS email"]
[Date "2023.03.20"]
[Round "?"]
[White "Szulc, Stanislaw"]
[Black "Ozen, Bahadir"]
[Result "1/2-1/2"]
[WhiteElo "2214"]
[BlackElo "2258"]
[PlyCount "36"]
[EventDate "2023.03.20"]
[EventType "match (corr)"]
[EventRounds "2"]
[EventCountry "GER"]
[SourceTitle "Corr 2024"]
[Source "ChessBase"]
[SourceDate "2023.10.19"]
[SourceVersion "1"]
[SourceVersionDate "2023.10.19"]
[SourceQuality "1"]

1. e4 c5 2. c3 Nf6 3. e5 Nd5 4. Nf3 Nc6 5. d4 cxd4 6. cxd4 d6 7. Bc4 Nb6 8. Bb5 dxe5 9. Nxe5 Bd7 10. Nxd7 Qxd7 11. Nc3 e6 12. 0-0 a6 13. Bxc6 Qxc6 14. Re1 Bb4 15. Qg4 Kf8 16. h4 h5 17. Qg3 f6 18. Bd2 Bxc3 1/2-1/2

[Event "ZH-2023-0-02207"]
[Site "LSS email"]
[Date "2023.03.19"]
[Round "?"]
[White "Szulc, Stanislaw"]
[Black "Ozen, Bahadir"]
[Result "1/2-1/2"]
[WhiteElo "2213"]
[BlackElo "2261"]
[PlyCount "45"]
[EventDate "2023.03.19"]
[EventType "match (corr)"]
[EventRounds "2"]
[EventCountry "GER"]
[SourceTitle "Corr 2024"]
[Source "ChessBase"]
[SourceDate "2023.10.19"]
[SourceVersion "1"]
[SourceVersionDate "2023.10.19"]
[SourceQuality "1"]

1. e4 c6 2. d4 d5 3. exd5 cxd5 4. Bd3 Nc6 5. c3 Nf6 6. Bf4 Bg4 7. Qb3 Qd7 8. Nd2 e6 9. Ngf3 Bd6 10. Bxd6 Qxd6 11. 0-0 0-0 12. Rfe1 Bxf3 13. Nxf3 Qc7 14. Qc2 Rfc8 15. Qe2 Na5 16. g3 Nc4 17. a4 a6 18. Bxc4 Qxc4 19. Qxc4 Rxc4 20. a5 Rc7 21. Ra4 Ne4 22. Ne5 g5 23. Kg2 1/2-1/2

[Event "ZH-2023-0-02199"]
[Site "LSS email"]
[Date "2023.03.16"]
[Round "?"]
[White "Ozen, Bahadir"]
[Black "Szulc, Stanislaw"]
[Result "1/2-1/2"]
[WhiteElo "2259"]
[BlackElo "2209"]
[PlyCount "35"]
[EventDate "2023.03.16"]
[EventType "match (corr)"]
[EventRounds "2"]
[EventCountry "GER"]
[SourceTitle "Corr 2024"]
[Source "ChessBase"]
[SourceDate "2023.10.19"]
[SourceVersion "1"]
[SourceVersionDate "2023.10.19"]
[SourceQuality "1"]

1. d4 d5 2. c4 dxc4 3. e4 e5 4. Nf3 exd4 5. Bxc4 Nc6 6. 0-0 Be6 7. Bb5 Bc5 8. b4 Bb6 9. a4 a6 10. Bxc6+ bxc6 11. Bb2 Nf6 12. a5 Ba7 13. Bxd4 Bxd4 14. Nxd4 Qd6 15. Nxe6 Qxe6 16. f3 0-0 17. Na3 c5 18. bxc5 1/2-1/2

[Event "ZH-2023-0-02203"]
[Site "LSS email"]
[Date "2023.03.16"]
[Round "?"]
[White "Ozen, Bahadir"]
[Black "Szulc, Stanislaw"]
[Result "1/2-1/2"]
[WhiteElo "2263"]
[BlackElo "2214"]
[PlyCount "39"]
[EventDate "2023.03.16"]
[EventType "match (corr)"]
[EventRounds "2"]
[EventCountry "GER"]
[SourceTitle "Corr 2024"]
[Source "ChessBase"]
[SourceDate "2023.10.19"]
[SourceVersion "1"]
[SourceVersionDate "2023.10.19"]
[SourceQuality "1"]

1. Nf3 Nf6 2. g3 d5 3. Bg2 c6 4. 0-0 Bg4 5. h3 Bxf3 6. exf3 g6 7. d4 Bg7 8. a4 b6 9. a5 0-0 10. c3 Nfd7 11. Nd2 c5 12. f4 e6 13. c4 Nc6 14. cxd5 exd5 15. Bxd5 Rc8 16. axb6 axb6 17. Bxc6 Rxc6 18. d5 Rc8 19. d6 Bd4 20. Qf3 1/2-1/2

[Event "ZH-2023-0-02198"]
[Site "LSS email"]
[Date "2023.03.14"]
[Round "?"]
[White "Ozen, Bahadir"]
[Black "Szulc, Stanislaw"]
[Result "1/2-1/2"]
[WhiteElo "2259"]
[BlackElo "2209"]
[PlyCount "35"]
[EventDate "2023.03.14"]
[EventType "match (corr)"]
[EventRounds "2"]
[EventCountry "GER"]
[SourceTitle "Corr 2024"]
[Source "ChessBase"]
[SourceDate "2023.10.19"]
[SourceVersion "1"]
[SourceVersionDate "2023.10.19"]
[SourceQuality "1"]

1. c4 e5 2. Nc3 Nf6 3. Nf3 Nc6 4. e3 Bb4 5. Qc2 0-0 6. Nd5 Re8 7. Qf5 d6 8. Nxf6+ gxf6 9. Qh5 d5 10. a3 Bf8 11. cxd5 Qxd5 12. d3 Be6 13. Be2 e4 14. Qxd5 Bxd5 15. dxe4 Bxe4 16. Bd2 Rad8 17. 0-0-0 Rd5 18. Bc3 1/2-1/2

[Event "ZH-2023-0-02190"]
[Site "LSS email"]
[Date "2023.03.07"]
[Round "?"]
[White "Szulc, Stanislaw"]
[Black "Ozen, Bahadir"]
[Result "1/2-1/2"]
[WhiteElo "2204"]
[BlackElo "2257"]
[PlyCount "40"]
[EventDate "2023.03.07"]
[EventType "match (corr)"]
[EventRounds "2"]
[EventCountry "GER"]
[SourceTitle "Corr 2024"]
[Source "ChessBase"]
[SourceDate "2023.10.19"]
[SourceVersion "1"]
[SourceVersionDate "2023.10.19"]
[SourceQuality "1"]

1. e4 c5 2. Nf3 d6 3. d4 cxd4 4. Nxd4 Nf6 5. Nc3 a6 6. Bg5 e6 7. f4 Qb6 8. Qd2 Qxb2 9. Rb1 Qa3 10. f5 Nc6 11. fxe6 fxe6 12. Nxc6 bxc6 13. Be2 Be7 14. e5 dxe5 15. Bxf6 Bxf6 16. Bh5+ g6 17. Ne4 0-0 18. 0-0 Bg7 19. Rxf8+ Qxf8 20. Be2 a5 1/2-1/2

[Event "ZH-2023-0-02182"]
[Site "LSS email"]
[Date "2023.03.03"]
[Round "?"]
[White "Ozen, Bahadir"]
[Black "Szulc, Stanislaw"]
[Result "1/2-1/2"]
[WhiteElo "2248"]
[BlackElo "2212"]
[PlyCount "37"]
[EventDate "2023.03.03"]
[EventType "match (corr)"]
[EventRounds "2"]
[EventCountry "GER"]
[SourceTitle "Corr 2024"]
[Source "ChessBase"]
[SourceDate "2023.10.19"]
[SourceVersion "1"]
[SourceVersionDate "2023.10.19"]
[SourceQuality "1"]

1. e4 e5 2. Nf3 Nc6 3. Bb5 Nf6 4. 0-0 Nxe4 5. Re1 Nd6 6. Nxe5 Be7 7. Bf1 Nxe5 8. Rxe5 0-0 9. d4 Bf6 10. Re1 Nf5 11. c3 c6 12. Nd2 d5 13. Nf3 Nh4 14. Nxh4 Bxh4 15. Bd3 Re8 16. Rxe8+ Qxe8 17. Bf4 Bf6 18. h3 g6 19. Qd2 1/2-1/2

[Event "RM-2023-0-00279"]
[Site "LSS email"]
[Date "2023.02.26"]
[Round "?"]
[White "Bernal Varela, Nelson"]
[Black "Szulc, Stanislaw"]
[Result "1/2-1/2"]
[WhiteElo "2372"]
[BlackElo "2216"]
[PlyCount "80"]
[EventDate "2022.12.22"]
[EventType "tourn (corr)"]
[EventRounds "6"]
[EventCountry "GER"]
[SourceTitle "Corr 2024"]
[Source "ChessBase"]
[SourceDate "2023.10.19"]
[SourceVersion "1"]
[SourceVersionDate "2023.10.19"]
[SourceQuality "1"]

1. e4 e5 2. Nf3 Nc6 3. Bb5 a6 4. Ba4 Nf6 5. 0-0 Nxe4 6. d4 b5 7. Bb3 d5 8. dxe5 Be6 9. c3 Be7 10. Nbd2 0-0 11. Bc2 f5 12. Nb3 Qd7 13. Nfd4 Nxd4 14. Nxd4 c5 15. Nxe6 Qxe6 16. f3 Ng5 17. Qe1 Rad8 18. Qf2 Qc6 19. Bxg5 Bxg5 20. f4 Be7 21. Rfd1 c4 22. Kh1 g6 23. b4 a5 24. bxa5 Bc5 25. Qf3 Rf7 26. a3 Qa8 27. a4 b4 28. cxb4 Bxb4 29. a6 Bc5 30. a5 Ra7 31. Ba4 Rxa6 32. Bb5 Rxa5 33. Bc6 Qa6 34. Rxa5 Qxa5 35. Bxd5+ Kg7 36. Bxc4 Rxd1+ 37. Qxd1 Qb4 38. Qf1 h5 39. h4 Qd2 40. g3 Qf2 1/2-1/2

[Event "RM-2023-0-00279"]
[Site "LSS email"]
[Date "2023.02.21"]
[Round "?"]
[White "Cirulis, Ilmars"]
[Black "Szulc, Stanislaw"]
[Result "1/2-1/2"]
[WhiteElo "2270"]
[BlackElo "2216"]
[PlyCount "39"]
[EventDate "2022.12.22"]
[EventType "tourn (corr)"]
[EventRounds "6"]
[EventCountry "GER"]
[SourceTitle "Corr 2024"]
[Source "ChessBase"]
[SourceDate "2023.10.19"]
[SourceVersion "1"]
[SourceVersionDate "2023.10.19"]
[SourceQuality "1"]

1. f4 d5 2. Nf3 g6 3. d3 Bg7 4. Nbd2 d4 5. g3 b6 6. Bg2 Bb7 7. Nc4 c5 8. e4 dxe3 9. Bxe3 Nf6 10. Qe2 0-0 11. 0-0-0 Qc7 12. Kb1 Nc6 13. Nfe5 Nd4 14. Bxd4 cxd4 15. Bxb7 Qxb7 16. h4 Rac8 17. Qf3 Qxf3 18. Nxf3 b5 19. Na5 Rfd8 20. Nb3 1/2-1/2

[Event "RM-2023-0-00279"]
[Site "LSS email"]
[Date "2023.02.21"]
[Round "?"]
[White "Szulc, Stanislaw"]
[Black "Ozen, Bahadir"]
[Result "1/2-1/2"]
[WhiteElo "2216"]
[BlackElo "2259"]
[PlyCount "40"]
[EventDate "2022.12.22"]
[EventType "tourn (corr)"]
[EventRounds "6"]
[EventCountry "GER"]
[SourceTitle "Corr 2024"]
[Source "ChessBase"]
[SourceDate "2023.10.19"]
[SourceVersion "1"]
[SourceVersionDate "2023.10.19"]
[SourceQuality "1"]

1. e4 e5 2. Nf3 Nc6 3. Nc3 Nf6 4. d4 exd4 5. Nxd4 Bb4 6. Nxc6 bxc6 7. Bd3 d5 8. exd5 0-0 9. 0-0 Bg4 10. f3 Bh5 11. dxc6 Qd4+ 12. Kh1 Bxc3 13. bxc3 Qxc3 14. Bf4 Qxc6 15. Qe2 a6 16. h3 Bg6 17. Rfe1 Rfe8 18. Qd2 Bxd3 19. Rxe8+ Rxe8 20. Qxd3 h6 1/2-1/2

[Event "ZH-2023-0-02171"]
[Site "LSS email"]
[Date "2023.02.19"]
[Round "?"]
[White "Ozen, Bahadir"]
[Black "Szulc, Stanislaw"]
[Result "1/2-1/2"]
[WhiteElo "2250"]
[BlackElo "2217"]
[PlyCount "32"]
[EventDate "2023.02.19"]
[EventType "match (corr)"]
[EventRounds "2"]
[EventCountry "GER"]
[SourceTitle "Corr 2024"]
[Source "ChessBase"]
[SourceDate "2023.10.19"]
[SourceVersion "1"]
[SourceVersionDate "2023.10.19"]
[SourceQuality "1"]

1. e4 e5 2. Nf3 Nc6 3. d4 exd4 4. Nxd4 Nf6 5. Nc3 Bb4 6. Nxc6 bxc6 7. Bd3 d5 8. exd5 0-0 9. 0-0 cxd5 10. h3 c6 11. Qf3 Bd6 12. Bf4 Qc7 13. Bxd6 Qxd6 14. b3 Bd7 15. Qg3 Qxg3 16. fxg3 Rac8 1/2-1/2

[Event "ZH-2023-0-02167"]
[Site "LSS email"]
[Date "2023.02.18"]
[Round "?"]
[White "Ozen, Bahadir"]
[Black "Szulc, Stanislaw"]
[Result "1/2-1/2"]
[WhiteElo "2255"]
[BlackElo "2215"]
[PlyCount "43"]
[EventDate "2023.02.18"]
[EventType "match (corr)"]
[EventRounds "2"]
[EventCountry "GER"]
[SourceTitle "Corr 2024"]
[Source "ChessBase"]
[SourceDate "2023.10.19"]
[SourceVersion "1"]
[SourceVersionDate "2023.10.19"]
[SourceQuality "1"]

1. Nf3 d5 2. g3 e6 3. Bg2 Be7 4. 0-0 Nf6 5. c4 0-0 6. d4 dxc4 7. Qc2 a6 8. a4 Bd7 9. Qxc4 Bc6 10. Bg5 Nbd7 11. Nc3 h6 12. Bxf6 Nxf6 13. b4 Bd5 14. Nxd5 exd5 15. Qb3 c6 16. e3 Bd6 17. Rfc1 g6 18. b5 axb5 19. axb5 Rxa1 20. Rxa1 Qb6 21. Rb1 Ra8 22. bxc6 1/2-1/2

[Event "ZH-2023-0-02169"]
[Site "LSS email"]
[Date "2023.02.18"]
[Round "?"]
[White "Ozen, Bahadir"]
[Black "Szulc, Stanislaw"]
[Result "1/2-1/2"]
[WhiteElo "2250"]
[BlackElo "2217"]
[PlyCount "23"]
[EventDate "2023.02.18"]
[EventType "match (corr)"]
[EventRounds "2"]
[EventCountry "GER"]
[SourceTitle "Corr 2024"]
[Source "ChessBase"]
[SourceDate "2023.10.19"]
[SourceVersion "1"]
[SourceVersionDate "2023.10.19"]
[SourceQuality "1"]

1. Nf3 d5 2. g3 c6 3. Bg2 Bg4 4. 0-0 Nd7 5. d3 Ngf6 6. h3 Bh5 7. Nbd2 e5 8. e4 Be7 9. Qe1 0-0 10. Nh4 Re8 11. Nf5 Bf8 12. Nb3 1/2-1/2

[Event "ZH-2023-0-02170"]
[Site "LSS email"]
[Date "2023.02.18"]
[Round "?"]
[White "Ozen, Bahadir"]
[Black "Szulc, Stanislaw"]
[Result "1/2-1/2"]
[WhiteElo "2250"]
[BlackElo "2217"]
[PlyCount "41"]
[EventDate "2023.02.18"]
[EventType "match (corr)"]
[EventRounds "2"]
[EventCountry "GER"]
[SourceTitle "Corr 2024"]
[Source "ChessBase"]
[SourceDate "2023.10.19"]
[SourceVersion "1"]
[SourceVersionDate "2023.10.19"]
[SourceQuality "1"]

1. d4 d5 2. Nf3 Nf6 3. Bf4 c5 4. e3 Nc6 5. Nbd2 cxd4 6. exd4 Qb6 7. Nb3 Bf5 8. a4 a6 9. a5 Qd8 10. Ne5 e6 11. Nxc6 bxc6 12. Bd3 Bxd3 13. Qxd3 Be7 14. Qc3 0-0 15. Qxc6 Ne4 16. 0-0 Qc8 17. Qxc8 Rfxc8 18. f3 Nd6 19. Bxd6 Bxd6 20. Rf2 h5 21. f4 1/2-1/2

[Event "ZH-2023-0-02167"]
[Site "LSS email"]
[Date "2023.02.18"]
[Round "?"]
[White "Szulc, Stanislaw"]
[Black "Ozen, Bahadir"]
[Result "1/2-1/2"]
[WhiteElo "2215"]
[BlackElo "2255"]
[PlyCount "34"]
[EventDate "2023.02.18"]
[EventType "match (corr)"]
[EventRounds "2"]
[EventCountry "GER"]
[SourceTitle "Corr 2024"]
[Source "ChessBase"]
[SourceDate "2023.10.19"]
[SourceVersion "1"]
[SourceVersionDate "2023.10.19"]
[SourceQuality "1"]

1. e4 e5 2. Nf3 Nc6 3. d4 exd4 4. Nxd4 Nf6 5. Nxc6 bxc6 6. e5 Qe7 7. Qe2 Nd5 8. c4 Ba6 9. Nd2 g6 10. Nf3 Qb4+ 11. Kd1 Ne7 12. h4 d5 13. a3 Qb6 14. Qc2 Bxc4 15. Bxc4 dxc4 16. Ke2 0-0-0 17. Bg5 Rd5 1/2-1/2

[Event "ZH-2023-0-02169"]
[Site "LSS email"]
[Date "2023.02.18"]
[Round "?"]
[White "Szulc, Stanislaw"]
[Black "Ozen, Bahadir"]
[Result "1/2-1/2"]
[WhiteElo "2217"]
[BlackElo "2250"]
[PlyCount "32"]
[EventDate "2023.02.18"]
[EventType "match (corr)"]
[EventRounds "2"]
[EventCountry "GER"]
[SourceTitle "Corr 2024"]
[Source "ChessBase"]
[SourceDate "2023.10.19"]
[SourceVersion "1"]
[SourceVersionDate "2023.10.19"]
[SourceQuality "1"]

1. e4 c5 2. Nf3 d6 3. d4 cxd4 4. Nxd4 Nf6 5. Nc3 a6 6. Be2 e5 7. Nb3 Be7 8. 0-0 0-0 9. Be3 Be6 10. Qd2 Nbd7 11. a4 Nb6 12. a5 Nc4 13. Bxc4 Bxc4 14. Rfd1 Rc8 15. f3 Qe8 16. Qe1 Be6 1/2-1/2